000 00624nam a22002297a 4500
003 UA-OsUOA
001 89913
007 ta
008 20121112b un ||||| |||| 00| 0 ukr d
100 _aКравчук М.
090 _a821.161.2
_bК78
942 _cBK
040 _aUA-OsUOA
_bukr
_cUA-OsUOA
_dUA-OsUOA
245 _aПрожити в любові
_bновели
300 _a235 с.
955 _a3
041 _aukr
080 _a821.161.2
260 _aК.
_bРадянський письменник
_c1986
650 7 _a82 Література. Літературознавство
_2UDC
999 _c376190
_d376190